[Event "Yerevan ol (Men)"]
[Site "Yerevan"]
[Date "1996.??.??"]
[Round "4"]
[White "Galdunts, Sergey"]
[Black "Ramos, Domingo"]
[Result "1-0"]
[WhiteElo "2465"]
[BlackElo "2330"]

1.e4 g6 2.d4 Bg7 3.Nc3 c6 4.Nf3 d6 5.g3 Bg4 6.Bg2 Qb6 7.Ne2 c5 8.d5 Nf6 9.Nd2 Qa6
10.c4 e5 11.O-O Bxe2 12.Qxe2 O-O 13.Nb1 Qa5 14.Nc3 Qd8 15.a3 Nbd7 16.b4 b6
17.Be3 Ne8 18.Rac1 a5 19.bxa5 Rxa5 20.Nb5 Nb8 21.Bd2 Ra8 22.Qd3 Nc7 23.Rb1 f5
24.Bg5 Bf6 25.Bh6 Bg7 26.Bxg7 Kxg7 27.exf5 Nxb5 28.Rxb5 gxf5 29.Bh3 e4 30.Qc3+ Qf6
31.Qxf6+ Kxf6 32.Rxb6 Ke5 33.f4+ Kd4 34.Rxd6 Rxa3 35.Rc1 Na6 36.Rd1+ Ke3
37.Bf1 Nb4 38.Rb6 Ra2 39.d6 Rd8 40.d7 Ra7 41.Rbd6 Nc2 42.R6d2 Nb4 43.Bh3 Nc6
44.Bxf5 Nd4 45.Bg4 Raxd7 46.Kf1 Ra7 47.Rb2 Rda8 48.f5 Ra2 49.Rdd2 Rxb2 50.Rxb2 Rf8
51.Rf2 Rf6 52.Bh3 Kd3 53.g4 e3 54.Ra2 Nc2 55.Rxc2 Kxc2 56.Ke2 Rh6 57.Bf1 Rxh2+
58.Kxe3 Kc3 59.f6 Rd2 60.Bg2 Rxg2 61.f7 Rg3+ 62.Kf2 Rxg4 63.f8=Q Rxc4 64.Ke3 h5
65.Qh8+ Kb3 66.Qxh5 Kb4 67.Kd3 Rd4+ 68.Kc2 Kb5 69.Qe8+ Kb6 70.Kc3 Rb4 71.Qe6+ Kb5
72.Qd5 Kb6 73.Qd6+ Kb5 74.Qc7 Rc4+ 75.Kd3 Rd4+ 76.Ke3 Rd1 77.Qb7+ Kc4 78.Qa6+ Kb4
79.Ke4 c4 80.Qb6+ Kc3 81.Qe3+ Kb4 82.Qe2 Rd3 83.Qc2 Rc3 84.Qb1+ Rb3 85.Qe1+ Kb5
86.Qd2 Rd3 87.Qb2+ Rb3 88.Qe5+ Kb4  1-0

[Event "Yerevan ol (Women)"]
[Site "Yerevan"]
[Date "1996.??.??"]
[Round "5"]
[White "Sziva, Erika"]
[Black "Salazar, Adriana"]
[Result "1-0"]
[WhiteElo "2250"]
[BlackElo "2105"]

1.e4 g6 2.d4 Bg7 3.Nc3 c6 4.Bc4 b5 5.Bb3 b4 6.Qf3 e6 7.Nce2 d5 8.Bd2 dxe4
9.Qxe4 Nf6 10.Qf3 Qb6 11.a3 bxa3 12.Rxa3 a5 13.Nh3 O-O 14.O-O a4 15.Rxa4 Rxa4
16.Bxa4 Qxb2 17.Bg5 Nd5 18.Bb3 Qa3 19.Bxd5  1-0

[Event "Yerevan ol (Men)"]
[Site "Yerevan"]
[Date "1996.??.??"]
[Round "6"]
[White "Agnos, Demetrios"]
[Black "Kaabi, Mejdi"]
[Result "1-0"]
[WhiteElo "2515"]
[BlackElo "2395"]

1.d4 g6 2.e4 Bg7 3.Nc3 c6 4.Nf3 d6 5.Be3 Nf6 6.Qd2 O-O 7.Bh6 Qa5 8.Bxg7 Kxg7
9.O-O-O e5 10.h4 Bg4 11.h5 Nxh5 12.dxe5 dxe5 13.Bc4 b5 14.Bb3 b4 15.Ne2 Na6
16.Qg5 h6 17.Qxg4 Nf6 18.Qh4 Ng8 19.Ng3 Rad8 20.Nf5+ Kh7 21.Nxh6  1-0

[Event "ARM-ch"]
[Site "Yerevan"]
[Date "1996.??.??"]
[Round "7"]
[White "Yegiazarian, Arsen"]
[Black "Minasian, Artashes"]
[Result "1/2-1/2"]
[WhiteElo "2455"]
[BlackElo "2580"]

1.e4 g6 2.d4 Bg7 3.Nc3 c6 4.Bc4 d6 5.Qf3 e6 6.Nge2 Nd7 7.Be3 Ngf6 8.Bb3 e5
9.O-O-O Qe7 10.h3 a6 11.g4 b5 12.dxe5 Nxe5 13.Qg2 O-O 14.f4 Nc4 15.Bxc4 bxc4
16.Bd4 Bb7 17.g5 Nh5 18.Bxg7 Nxg7 19.h4 Rad8 20.h5 Nxh5 21.Rxh5 gxh5 22.Ng3 Kh8
23.Nxh5 f6 24.gxf6 Rxf6 25.Nxf6 Qxf6 26.Qd2 d5 27.exd5 cxd5 28.Ne4 Qg7 29.Ng5 Bc8
30.Rg1 h6 31.Nf3 Qf6 32.Ne5 Rg8 33.Rxg8+ Kxg8 34.Qxd5+ Be6 35.Qa8+ Kg7 36.Qa7+ Bf7
37.Qxf7+ Qxf7 38.Nxf7 Kxf7 39.b4 cxb3 40.cxb3 h5 41.Kd2 Ke6 42.b4 h4 43.Ke3 Kf5  1/2-1/2

[Event "Yerevan ol (Men)"]
[Site "Yerevan"]
[Date "1996.??.??"]
[Round "8"]
[White "Garcia, Gildardo"]
[Black "Mok Tze Meng"]
[Result "1/2-1/2"]
[WhiteElo "2495"]
[BlackElo "2240"]

1.e4 g6 2.d4 Bg7 3.Nc3 c6 4.Bc4 d6 5.Qf3 e6 6.Nge2 Nd7 7.O-O Qe7 8.a4 e5
9.Bg5 Ngf6 10.d5 a5 11.dxc6 bxc6 12.Rfd1 O-O 13.Qe3 Nc5 14.h3 Be6 15.Bxe6 Qxe6
16.Rd2 Rfd8 17.f3 Rd7 18.Rad1 Rb8 19.b3 Na6 20.f4 h6 21.f5 gxf5 22.exf5 Qxf5
23.Bxh6 Nb4 24.Bxg7 Kxg7 25.Rf1 Qg6 26.Rf3 Nxc2 27.Qf2 Nh5 28.Ng3 Nd4 29.Rxd4 exd4
30.Qxd4+ Kh6 31.Nxh5 Qxh5 32.Rg3 Qc5 33.Qxc5 dxc5 34.Ne4 Rd5 35.Rc3 f5 36.Nxc5 Re8
37.Na6  1/2-1/2

[Event "Yerevan ol (Men)"]
[Site "Yerevan"]
[Date "1996.??.??"]
[Round "9"]
[White "Berlinsky, Vladimir"]
[Black "Othman, A Moussa"]
[Result "1/2-1/2"]
[WhiteElo "2255"]
[BlackElo "2310"]

1.e4 g6 2.d4 Bg7 3.Nc3 c6 4.f4 d5 5.e5 h5 6.Nf3 Nh6 7.Be3 Bg4 8.Be2 Bxf3
9.Bxf3 e6 10.g3 Nf5 11.Bf2 Nd7 12.O-O Qe7 13.Qd2 Bh6 14.Ne2 O-O-O 15.h4 Nb8
16.a4 Kd7 17.b3 Ke8 18.c4 Kf8 19.c5 Kg7 20.b4 Kh7 21.Kg2 Nd7 22.b5 Ra8 23.Rfb1 Rhb8
24.Rb3 Qd8 25.Rab1 Bf8 26.Ng1 Be7 27.Nh3 a6 28.bxc6 bxc6 29.Be2 Qc7 30.Ng5+ Kg7
31.Nf3 Bd8 32.Be1 Qc8 33.Bd3 Bc7 34.a5 Rxb3 35.Rxb3 Rb8 36.Rxb8 Nxb8 37.Qb4 Qd8
38.Kf2 Nh6 39.Ke2 Nf5 40.Kf2 Nh6 41.Bd2 Nf5 42.Qb7 Nh6 43.Kg2 Bxa5 44.Bxa5 Qxa5
45.Qxb8 Qa2+ 46.Kf1 Ng4 47.Be2 Qa1+ 48.Kg2  1/2-1/2

[Event "Yerevan ol (Women)"]
[Site "Yerevan"]
[Date "1996.??.??"]
[Round "11"]
[White "Lagvilava, Genrieta"]
[Black "Rubene, Ilze"]
[Result "1-0"]
[WhiteElo "2280"]
[BlackElo "2190"]

1.e4 c6 2.d4 g6 3.Nc3 Bg7 4.Be3 d5 5.h3 dxe4 6.Nxe4 Nd7 7.Nf3 Ngf6 8.Nxf6+ Nxf6
9.Be2 Nd5 10.Bd2 Qc7 11.O-O O-O 12.Qc1 b5 13.Re1 Bb7 14.a4 b4 15.a5 c5 16.a6 Bc6
17.Bh6 Rac8 18.Bd3 Ba8 19.Bxg7 Kxg7 20.dxc5 Qxc5 21.Re5 f6 22.Re4 e5 23.Rc4 Qb6
24.Qe1 Rxc4 25.Bxc4 Nf4 26.Rd1 Rd8 27.Rxd8 Qxd8 28.Nh4 Qd4 29.Qxb4 Nxh3+
30.gxh3 Qe4 31.Nf5+ gxf5 32.Qe7+ Kg6 33.Qf7+ Kg5 34.Qg7+ Kf4 35.Qg3+  1-0

[Event "Yerevan ol (Men)"]
[Site "Yerevan"]
[Date "1996.??.??"]
[Round "11"]
[White "Abdulghafour, Yousef"]
[Black "Wong Meng Kong"]
[Result "1/2-1/2"]
[WhiteElo "2180"]
[BlackElo "2440"]

1.e4 g6 2.Nc3 Bg7 3.d4 c6 4.Nge2 d5 5.e5 h5 6.h4 Nh6 7.Ng3 Nf5 8.Nxf5 Bxf5
9.Bd3 Qc8 10.Bg5 f6 11.exf6 exf6 12.Qe2+ Kf7 13.Be3 Bxd3 14.Qxd3 Qg4 15.Ne2 Nd7
16.f3 Qf5 17.Qxf5 gxf5 18.Ng3 Kg6 19.O-O-O Rae8 20.Rde1 Rxe3 21.Rxe3 Bh6
22.Re1 Nb6 23.Nf1 Nc4 24.b3 Nxe3 25.Nxe3 Re8 26.Kd2 Bf4 27.Re2 Bc7 28.Nf1 Rxe2+
29.Kxe2 f4 30.Nd2 b5 31.b4 a5 32.bxa5 Bxa5 33.Nb3 Bc7 34.Nc1 Kf7 35.Nd3 Ke7
36.Kd2 Bd6 37.Kc3 Kd7 38.Kb3 Kc7 39.c3 Kb6 40.a3  1/2-1/2

[Event "Yerevan ol (Women)"]
[Site "Yerevan"]
[Date "1996.??.??"]
[Round "12"]
[White "Bekiarisova, Alena"]
[Black "Safranska, Anda"]
[Result "1/2-1/2"]
[WhiteElo "2110"]
[BlackElo "2270"]

1.d4 g6 2.e4 Bg7 3.Nc3 c6 4.Be3 d5 5.h3 Nf6 6.e5 Nfd7 7.Qd2 Nf8 8.Bh6 Ne6
9.O-O-O b5 10.g4 Bxh6 11.Qxh6 Kd7 12.Qe3 b4 13.Nce2 h5 14.Bg2 Ng7 15.Nf4 e6
16.Nd3 a5 17.Qf4 Qe7 18.Nf3 Ba6 19.Nc5+ Kd8 20.Ng5 Ra7 21.Rde1 Bb5 22.Qf6 Qxf6
23.exf6 Ne8 24.Ncxe6+ Kc8 25.Nf4 Nxf6 26.gxh5 gxh5 27.h4 Kd8 28.Bf3 Ba6 29.Re5 Bc8
30.Bxh5 Nxh5 31.Nxh5 Rxh5 32.Ne6+ Bxe6 33.Rxh5 Re7 34.Rg5 f6 35.Rg3 Nd7 36.a3 c5
37.dxc5 Nxc5 38.axb4 axb4 39.f3 Bf5 40.Kd2  1/2-1/2

[Event "Yerevan ol (Men)"]
[Site "Yerevan"]
[Date "1996.??.??"]
[Round "13"]
[White "Matsuo, Tomohiko"]
[Black "Jasim, AR Saleh"]
[Result "1/2-1/2"]
[WhiteElo "2185"]
[BlackElo "2190"]

1.e4 g6 2.d4 Bg7 3.Nc3 c6 4.f4 d5 5.e5 h5 6.Nf3 Nh6 7.Be3 O-O 8.Qd2 b5 9.Ne2 a5
10.Ng3 Na6 11.Be2 Qc7 12.Nh4 e6 13.O-O Qe7 14.Nf3 Bd7 15.f5 Nxf5 16.Nxf5 exf5
17.Bg5 Qe6 18.Rae1 c5 19.c3 c4 20.Bh6 Rfe8 21.Nh4 Qe7 22.Bg5 Qf8 23.Rf3 Nc7
24.Rg3 Ne6 25.Be3 Qe7 26.Nf3 h4 27.Rh3 f4 28.Bf2 g5 29.Nxh4 Nc5 30.dxc5 Bxh3
31.gxh3 gxh4 32.Bf3 Qg5+ 33.Kh1 Rxe5 34.Rg1 Qh6 35.Bxd5 Rae8 36.Bf3 Rg5 37.c6 Rxg1+
38.Bxg1 Qe6 39.Qd7 Be5 40.Bd5 Qxd7 41.cxd7 Rd8 42.Bc6 Bc7 43.Bxb5 Kh7 44.Bf2 Rb8
45.a4 Bd8 46.Kg2 Kg6 47.Ba7 Rb7 48.Bc5 Kf5 49.Kf3 Ke5 50.Bf8 Rb6 51.Bc5 Rb7
52.Kg4 Rb8 53.Ba7 Ra8 54.Bd4+ Kd5 55.Kxf4 Bc7+ 56.Kf5 Bd8 57.Be3 Kd6 58.Ke4 Bf6
59.Bb6 Bd8 60.Bf2 Be7 61.Kd4 Rg8 62.Kxc4 Bd8 63.Be3 Rg2 64.Bf4+ Ke6 65.b4 f5
66.Kd3 Rf2 67.Bb8 Rf3+ 68.Kd2 Rxh3 69.Bc6 Bg5+ 70.Kc2 Bf6 71.b5 Bd8 72.b6 Bxb6
73.Bf4 Ke7 74.Bg2 Re3 75.Bxe3 Bxe3 76.Bc6 h3  1/2-1/2

[Event "Yerevan ol (Men)"]
[Site "Yerevan"]
[Date "1996.??.??"]
[Round "13"]
[White "Mokry, Karel"]
[Black "Tibensky, Robert"]
[Result "1-0"]
[WhiteElo "2505"]
[BlackElo "2440"]

1.e4 g6 2.d4 Bg7 3.Nc3 c6 4.h3 d5 5.Nf3 Nh6 6.Bf4 f6 7.exd5 cxd5 8.Nb5 Na6
9.c4 Nf7 10.cxd5 Qxd5 11.Nc3 Qf5 12.Bb5+ Bd7 13.Bxd7+ Qxd7 14.O-O O-O 15.Re1 e6
16.Qb3 Rfe8 17.Re2 Re7 18.Rae1 Rae8 19.Nb5 b6 20.Nc3 Nd8 21.Qa3 Qb7 22.Nb5 Nf7
23.Nd6 Nxd6 24.Bxd6 Rd7 25.Rxe6 Rxe6 26.Rxe6 Qd5 27.Re1 Qxd6 28.Qxa6 h6 29.Qc8+ Kh7
30.Qe8 Rc7 31.h4 Qd5 32.b3 h5 33.Qe2 Qf5 34.Qd1 Bf8 35.g3 Ba3 36.Kg2 Rc1
37.Re7+ Kg8 38.Re8+ Kf7 39.Qe2 Rc2 40.Qe3 Bc1 41.Qe7+  1-0

[Event "Yerevan ol (Women)"]
[Site "Yerevan"]
[Date "1996.??.??"]
[Round "13"]
[White "Starr, Nava"]
[Black "Mira, Helene"]
[Result "1/2-1/2"]
[WhiteElo "2210"]
[BlackElo "2185"]

1.e4 g6 2.d4 Bg7 3.Nc3 c6 4.Nf3 d5 5.h3 Nf6 6.e5 Ne4 7.Bd3 Nxc3 8.bxc3 O-O
9.O-O c5 10.Re1 Nc6 11.Bf4 c4 12.Bf1 h6 13.Qd2 g5 14.Bg3 Bf5 15.Nh2 e6 16.f4 f6
17.fxg5 fxg5 18.Be2 Qe8  1/2-1/2

[Event "Zalakaros op"]
[Site "Zalakaros"]
[Date "1996.??.??"]
[Round "4"]
[White "Wells, Peter K"]
[Black "Csom, Istvan"]
[Result "1/2-1/2"]
[WhiteElo "2495"]
[BlackElo "2430"]

1.e4 c6 2.d4 g6 3.Nc3 Bg7 4.Nf3 d6 5.a4 Na6 6.Be3 Nc7 7.h3 d5 8.Bd3 Nh6 9.exd5 cxd5
10.Ne2 Nf5 11.Bd2 Nd6  1/2-1/2

[Event "Zaragoza-B op"]
[Site "Zaragoza"]
[Date "1996.??.??"]
[Round "?"]
[White "Anglada, Jose Andres"]
[Black "Guzman Moneo, Alberto"]
[Result "1-0"]
[WhiteElo "2190"]
[BlackElo "2175"]

1.e4 g6 2.d4 Bg7 3.Nc3 c6 4.Bc4 d6 5.Qf3 Nf6 6.e5 dxe5 7.dxe5 Nd5 8.Nxd5 cxd5
9.Bxd5 O-O 10.Bf4 Qa5+ 11.c3 Bg4 12.Bxf7+ Rxf7 13.Qxg4 Nc6 14.Ne2 Qa4 15.Qe6 Qa6
16.Rd1 Rf8 17.Rd2 Kh8 18.Be3 Rf5 19.O-O Bxe5 20.Nd4 R8f6 21.Qc8+ Rf8 22.Qd7 Bxd4
23.cxd4 Qxa2 24.Qxb7 Qd5 25.Rc1 Nxd4 26.Qxd5 Rxd5 27.Rxd4  1-0

[Event "Hallsberg opJ32"]
[Site "Hallsberg"]
[Date "1997.01.04"]
[Round "8"]
[White "Trygstad, Kristian"]
[Black "Mihajlovskij, Sergei"]
[Result "0-1"]
[WhiteElo "2145"]
[BlackElo "2245"]

1.e4 g6 2.d4 Bg7 3.Nc3 c6 4.Be3 d6 5.Qd2 Nd7 6.Nf3 Qc7 7.Bc4 Ngf6 8.Bh6 O-O
9.Bxg7 Kxg7 10.O-O b5 11.Bd3 a6 12.Rfe1 e5 13.Rad1 Nb6 14.Bf1 Bg4 15.dxe5 dxe5
16.Qe3 Rad8 17.h3 Bxf3 18.Qxf3 Rd4 19.Rxd4 exd4 20.Ne2 Rd8 21.Nf4 Nbd7 22.Qg3 Qe5
23.Qf3 Re8 24.Nd3 Qg5 25.e5 Nxe5 26.Nxe5 Rxe5 27.Rxe5 Qxe5 28.Qxc6 Ne4 29.Qxa6 Nxf2
30.Qxb5 Qg3 31.Qb3 Nxh3+ 32.Kh1 Nf2+ 33.Kg1 d3 34.Qc3+ f6 35.Bxd3 Ng4 36.Ba6 Qf2+
37.Kh1 h5 38.Qf3 Qe1+  0-1

[Event "RUS-Cup4"]
[Site "Perm"]
[Date "1997.02.09"]
[Round "2"]
[White "Polovnikova, Ekaterina"]
[Black "Bezgodov, Alexei"]
[Result "1/2-1/2"]
[WhiteElo "2170"]
[BlackElo "2570"]

1.e4 g6 2.d4 Bg7 3.Nc3 c6 4.Nf3 d5 5.exd5 cxd5 6.h3 Nc6 7.Bb5 Nf6 8.O-O O-O
9.Re1 Bf5 10.Bxc6 bxc6 11.Ne5 Rc8 12.Bf4 c5 13.Ne2 Qb6 14.dxc5 Qxc5 15.c3 Rfd8
16.Nd4 Ne4 17.Nd3 Qb6 18.Be3 Qf6 19.Bf4 Bd7 20.Be5 Qg5 21.Nf3 Qh6 22.Bf4 g5
23.Be3 f5 24.h4 Qa6 25.Bxg5 Nxg5 26.hxg5 Rc4 27.Nde5 Re4 28.Nxd7 Rxd7 29.Qb3 e5
30.Rad1 Rxe1+ 31.Nxe1 Qb6 32.Qxb6 axb6 33.Nc2 Kf7 34.g3 h6 35.gxh6 Bxh6 36.Kf1 Ke6
37.Ke2 Bf8 38.Rh1 Rf7 39.Rh4 Ra7 40.a3 Rc7 41.Rh8 Bg7 42.Rb8 Rc6 43.Nb4 Rd6
44.Rb7 Bf6 45.Rc7 d4 46.cxd4 Rxd4 47.Rc6+ Rd6 48.Rxd6+ Kxd6 49.Nc2 e4 50.b3 b5
51.f3 exf3+ 52.Kxf3 Bc3 53.Ke3 Kd5 54.a4 bxa4 55.bxa4 Be5 56.Kf3 Kc5 57.Ne3 Bxg3
58.Kxg3  1/2-1/2

[Event "Clarin GP-f"]
[Site "Villa Gesell"]
[Date "1997.03.06"]
[Round "4"]
[White "Zarnicki, Pablo"]
[Black "Ginzburg, Maximiliano"]
[Result "1/2-1/2"]
[WhiteElo "2560"]
[BlackElo "2450"]

1.e4 g6 2.d4 Bg7 3.Nc3 c6 4.Nf3 d6 5.Be2 b5 6.a3 Bb7 7.O-O Nd7 8.Bg5 Qc7
9.Qd2 Ngf6 10.Rfe1 h6 11.Be3 Ng4 12.Bf4 e5 13.dxe5 dxe5 14.Bg3 Rd8 15.h3 Ngf6
16.Qe3 a6 17.Nd2 O-O 18.a4 Rfe8 19.axb5  1/2-1/2

[Event "Gausdal-ch op"]
[Site "Gausdal"]
[Date "1997.04.04"]
[Round "5"]
[White "Ferkingstad, Sjur"]
[Black "Tjomsland, Stig"]
[Result "0-1"]
[WhiteElo "2075"]
[BlackElo "2255"]

1.e4 g6 2.d4 Bg7 3.Nc3 c6 4.Nf3 d6 5.Be2 Nf6 6.O-O O-O 7.Bg5 h6 8.Bh4 Qc7
9.Nd2 e5 10.Nc4 b5 11.dxe5 dxe5 12.Qd6 Qxd6 13.Nxd6 Be6 14.Bxf6 Bxf6 15.Nb7 Nd7
16.Na5 Rfc8 17.Rad1 Bd8 18.Nb3 a5 19.Nc1 Bb6 20.Kh1 Nc5 21.Nd3 Nxd3 22.Rxd3 Bd4
23.b3 Rd8 24.Nb1 f5 25.Rg3 Kh7 26.Nd2 Bxf2 27.Rd3 Bd4 28.Rd1 Rf8 29.Bf3 Rac8
30.c3 Bc5 31.Nf1 f4 32.h3 h5 33.Nh2 Kg7 34.Nf1 Kf6 35.Kh2 g5 36.Bxh5 Rh8
37.Be2 g4 38.R1d2 Rcg8 39.Kh1 Ke7 40.Kh2 g3+ 41.Nxg3 fxg3+  0-1

[Event "FRA-chT9697 final"]
[Site "Clichy"]
[Date "1997.05.01"]
[Round "8"]
[White "Beghadi, Mourad"]
[Black "Ebalard, Marc"]
[Result "1-0"]
[WhiteElo "2250"]
[BlackElo "2205"]

1.e4 g6 2.d4 Bg7 3.Nc3 c6 4.Bc4 b5 5.Bb3 b4 6.Nce2 d5 7.exd5 cxd5 8.Be3 Nf6
9.Qd2 O-O 10.Bh6 a5 11.Bxg7 Kxg7 12.a4 Nbd7 13.Nf3 Nb6 14.Ne5 Ba6 15.Ng3 Nc4
16.Bxc4 Bxc4 17.Qg5 Ng8 18.h4 e6 19.Qe3 h6 20.h5 g5 21.f4 f6 22.Nxc4 dxc4
23.O-O Qd5 24.Rae1 Rae8 25.Rf2 Rf7 26.Ne4 g4 27.c3 Rc7 28.Ng3 Kh7 29.Qe2 Rg7
30.Qc2+ Kh8 31.Rfe2 Ree7 32.Re4 bxc3 33.bxc3 Qc6 34.R1e3 Qd7 35.Kh2 Qc6 36.Qa2 Qc7
37.Qa3 Kh7 38.Qc5 Qxc5 39.dxc5 Rc7 40.Rxe6 Rxc5 41.Ra6 Rd7 42.Re8 Kg7 43.Rea8 Ne7
44.Rxa5 Rxa5 45.Rxa5 Rd3 46.Ra7 Kf8 47.Rc7 Rxc3 48.Ne4 Rc2 49.Nxf6 c3 50.Nxg4 Nd5
51.Rc5 Nb4 52.f5 Nd3 53.Rc8+ Ke7 54.f6+ Ke6 55.Rc7 Nf2 56.Nxf2 Rxf2 57.Rxc3 Kxf6  1-0

[Event "FRA-chT9697 final"]
[Site "Clichy"]
[Date "1997.05.04"]
[Round "11"]
[White "Tkachiev, Vladislav"]
[Black "Gouret, Thierry"]
[Result "1-0"]
[WhiteElo "2610"]
[BlackElo "2305"]

1.d4 g6 2.e4 Bg7 3.Nc3 c6 4.Nf3 Nf6 5.h3 d6 6.Bd3 O-O 7.O-O e5 8.dxe5 dxe5
9.Nxe5 Nxe4 10.Nxf7 Nxc3 11.Nxd8 Nxd1 12.Bc4+ Kh8 13.Rxd1 h6 14.c3 b5 15.Be6 Na6
16.Be3 Bf6 17.Nf7+ Kh7 18.Bxc8 Raxc8 19.Nxh6  1-0

[Event "Politiken Cup"]
[Site "Copenhagen"]
[Date "1997.07.14"]
[Round "9"]
[White "Christensen, Tobias"]
[Black "Malekian, Babak"]
[Result "1-0"]
[WhiteElo "2395"]
[BlackElo "2260"]

1.e4 g6 2.d4 Bg7 3.Nc3 c6 4.Nf3 d5 5.h3 Nf6 6.Bd3 dxe4 7.Nxe4 Nxe4 8.Bxe4 O-O
9.O-O Nd7 10.c3 c5 11.Bc2 Qc7 12.Re1 e6 13.dxc5 Nxc5 14.Be3 e5 15.Qd5 Ne6
16.Rad1 Rd8 17.Qe4 Rxd1 18.Rxd1 Bd7 19.Qh4 Bc6 20.Ng5 Nxg5 21.Bxg5 Re8 22.Bb3 e4
23.Bf6 Bxf6 24.Qxf6 Qe7 25.Qf4 a6 26.Re1 Kg7 27.h4 Qf6 28.Qg4 Re5 29.g3 Rf5
30.Qe2 Rf3 31.Qd2 Rd3 32.Qe2 Rf3 33.Qd2 Rd3 34.Qe2 Qd6 35.Rd1 Bb5 36.a4 Bc6
37.Kf1 f6 38.Ke1 Qd7 39.a5 Qd6 40.Rxd3 exd3 41.Qe3 Bb5 42.Kd2 Qd8 43.Qb6 Qe7
44.Qe6 Qd8 45.Qf7+ Kh6 46.Qxb7 Qxa5 47.Bg8 Kh5 48.f3 h6 49.Qd5+ f5 50.Qxf5+  1-0

[Event "Politiken Cup"]
[Site "Copenhagen"]
[Date "1997.07.16"]
[Round "11"]
[White "Borge, Nikolaj"]
[Black "Hoi, Carsten"]
[Result "1/2-1/2"]
[WhiteElo "2360"]
[BlackElo "2420"]

1.e4 g6 2.d4 c6 3.Nc3 Bg7 4.Bc4 d6 5.Qf3 Nf6 6.e5 dxe5 7.dxe5 Nd5 8.Nxd5 cxd5
9.Bxd5 O-O 10.Bf4 Bg4 11.Bxf7+ Rxf7 12.Qxg4 Nc6 13.Nh3 Nxe5 14.Qe2 Qa5+ 15.c3 Raf8
16.Bxe5 Bxe5 17.O-O Bd6 18.g3 Qf5 19.Kg2 g5 20.Ng1 Bc5 21.f4 gxf4 22.Nf3 fxg3
23.hxg3 Bd6 24.Nd2 Qd5+ 25.Ne4 Rxf1 26.Rxf1 Rxf1 27.Kxf1 Qxa2 28.Qg4+ Kf8
29.Qc8+ Kg7 30.Qxb7 Qb1+ 31.Ke2 Qc2+ 32.Nd2 a5 33.g4 a4 34.Qb5 h6 35.Qd3 Qxb2
36.Qd4+  1/2-1/2

[Event "Wch U20"]
[Site "Zagan"]
[Date "1997.07.18"]
[Round "5"]
[White "Li Shilong"]
[Black "Iordachescu, Viorel"]
[Result "1/2-1/2"]
[WhiteElo "2335"]
[BlackElo "2500"]

1.e4 g6 2.d4 Bg7 3.Nc3 c6 4.Nf3 d6 5.Be3 Qb6 6.Rb1 Nf6 7.h3 O-O 8.Bd3 Qc7
9.a4 e5 10.O-O a5 11.Qd2 Na6 12.Rfd1 Nb4 13.dxe5 dxe5 14.Bc4 Qe7 15.Rbc1 Ne8
16.Bg5 Bf6 17.Bxf6 Qxf6 18.Qh6 Na6 19.Ng5 Qg7 20.Qxg7+ Kxg7 21.Bxa6 Rxa6
22.Rd8 Nf6 23.Rcd1 Ra8 24.Nf3 Rxd8 25.Rxd8 Nd7 26.Re8 f6 27.Re7+ Kf8 28.Rxh7 Kg8
29.Re7 Kf8 30.Re6 Kf7 31.Rd6 Nc5 32.Rd8 Nd7 33.Nh4 Nc5 34.Nf3 Nd7 35.Nh4 Nc5
36.Kh2 Ne6 37.Rd2 Nd4 38.Ne2 c5 39.Nc3 Be6 40.Ne2 Ra6 41.Nxd4 cxd4 42.Nf3 Rc6
43.Ne1 Bc4 44.f4 Ke6 45.fxe5 fxe5 46.Rf2 Ke7 47.g4 Ba6 48.Nf3 Rc5 49.Nh4 Rc6
50.Nf3 Rc5 51.h4 d3 52.cxd3 Bxd3 53.Nd2 Bc2 54.b3 Bd1 55.g5 Rc2 56.Kg2 b6
57.Nc4 Rxf2+ 58.Kxf2 Bxb3 59.Nxe5 Bxa4 60.Nxg6+ Kf7 61.Ne5+ Kg7 62.Nc4 Bb3
63.Nxb6 a4 64.Nxa4 Bxa4 65.h5 Bd1 66.h6+ Kg6 67.Ke3 Bb3 68.e5 Bg8 69.Kf4 Be6
70.Ke3 Bg8  1/2-1/2

[Event "Wch U20"]
[Site "Zagan"]
[Date "1997.07.24"]
[Round "10"]
[White "Antoniewski, Rafal"]
[Black "Iordachescu, Viorel"]
[Result "1-0"]
[WhiteElo "2405"]
[BlackElo "2500"]

1.e4 g6 2.d4 Bg7 3.Nc3 c6 4.Be3 Qb6 5.Na4 Qa5+ 6.c3 d6 7.b4 Qc7 8.Bd3 Nf6
9.f3 O-O 10.Ne2 Nbd7 11.O-O e5 12.c4 exd4 13.Nxd4 Ne5 14.Be2 d5 15.cxd5 cxd5
16.Nb5 Qd8 17.Bxa7 Ned7 18.e5 Nh5 19.f4 b6 20.Qxd5 Ba6 21.Nac3 Nxf4 22.Rxf4 Bxe5
23.Rd4 Bxd4+ 24.Qxd4 Bxb5 25.Nxb5 Qe7 26.Bf1 Rfd8 27.a3 Rac8 28.Qf2 Rc6 29.Re1 Re6
30.Rxe6 Qxe6 31.a4 Rc8 32.a5 bxa5 33.bxa5 Rc1 34.Be3 Ra1 35.Nd4 Qc4 36.Nf3 Qe6
37.Ng5 Qd5 38.a6 Ne5 39.Bd4 Ra2 40.Qf4 Nc6 41.Be3 Ra1 42.Ne4 Qd3 43.Nf6+ Kg7
44.Ng4 Qxa6 45.Qh6+  1-0

[Event "Wch U20"]
[Site "Zagan"]
[Date "1997.07.24"]
[Round "10"]
[White "Szabo, Zsolt Jozsef"]
[Black "Moreira, Jairo"]
[Result "0-1"]
[WhiteElo "2435"]
[BlackElo "2200"]

1.e4 g6 2.d4 Bg7 3.Nc3 c6 4.Nf3 d6 5.Be2 Nf6 6.O-O O-O 7.a4 Nbd7 8.h3 e5
9.dxe5 dxe5 10.Be3 a5 11.Qd2 Qe7 12.Rfd1 Nc5 13.Bg5 Ne6 14.Bh4 Nf4 15.Bc4 Qb4
16.Bb3 Nxe4 17.Qe3 Bf5 18.Nxe4 Qxe4 19.Qxe4 Bxe4 20.Rd7 b6 21.Ng5 Bd5 22.Bxd5 Nxd5
23.c4 Nf4 24.Ne4 f6 25.f3 Ne2+ 26.Kf1 Nd4 27.c5 bxc5 28.Rc1 Rf7 29.Rxf7 Kxf7
30.Rxc5 Bf8 31.Rc4 Be7 32.f4 Nf5 33.Bf2 Rb8 34.fxe5 fxe5 35.g4 Nd4 36.Bg3 Ke6
37.Rxd4 Rf8+  0-1

[Event "AUT-ch (Women)"]
[Site "Gallspach"]
[Date "1997.08.04"]
[Round "8"]
[White "Sommer, Sonja"]
[Black "Schwaninger, Ulrike"]
[Result "1/2-1/2"]
[WhiteElo "1955"]
[BlackElo "1776"]

1.e4 g6 2.d4 c6 3.Nc3 Bg7 4.Bc4 b5 5.Bb3 b4 6.Na4 d6 7.Be3 Nf6 8.f3 a5 9.Qd2 O-O
10.O-O-O Qc7 11.h4 h5 12.Nh3 Na6 13.Nf4 e6 14.Nd3 Bd7 15.Bf4 Rfe8 16.Nac5 Nxc5
17.Nxc5 Bc8 18.Na4 Ba6 19.e5 dxe5 20.Bxe5 Qe7 21.Nc5 Bb5 22.Ba4 Rad8 23.Bxb5 cxb5
24.Qe2 Bh6+ 25.Kb1 Nd7 26.Nxd7 Qxd7 27.g4 Bg7 28.gxh5 f6 29.Bf4 gxh5 30.Rhg1 Kh8
31.Qe3 Rg8 32.Bh6 Qf7 33.Bxg7+ Rxg7 34.Rxg7 Kxg7 35.Rg1+ Kh7 36.Qd3+ f5 37.c3 bxc3
38.bxc3 b4 39.c4 Rg8  1/2-1/2

[Event "MK Cafe op-A"]
[Site "Koszalin"]
[Date "1997.08.04"]
[Round "2"]
[White "Kaula, Roman"]
[Black "Daniluk, Jerzy"]
[Result "1-0"]
[WhiteElo "2325"]
[BlackElo "2230"]

1.e4 g6 2.d4 Bg7 3.Nc3 c6 4.d5 Nf6 5.Nf3 cxd5 6.exd5 Qa5 7.Bc4 Ne4 8.O-O Nxc3
9.bxc3 O-O 10.Qe2 e6 11.Rd1 b6 12.Bf4 Ba6 13.Be5 Bxc4 14.Qxc4 Bxe5 15.Nxe5 d6
16.Ng4 e5 17.Nf6+ Kg7 18.Qh4 h5 19.Nxh5+ gxh5 20.Qg5+ Kh7 21.Qxh5+ Kg7 22.Qg5+  1-0

[Event "ESP-ch"]
[Site "Torrevieja"]
[Date "1997.09.29"]
[Round "1"]
[White "Magem Badals, Jorge"]
[Black "Sarto Ramos, Angel"]
[Result "1-0"]
[WhiteElo "2550"]
[BlackElo "2125"]

1.e4 g6 2.d4 Bg7 3.Nc3 c6 4.Nf3 d6 5.Be3 Nf6 6.Qd2 Bg4 7.Ng1 h5 8.h3 Be6
9.Nf3 Na6 10.Ng5 Nc7 11.f4 d5 12.e5 Nh7 13.Nxe6 Nxe6 14.g4 Nhf8 15.f5 Nc7
16.Rg1 Qd7 17.O-O-O O-O-O 18.Bd3 hxg4 19.hxg4 Bxe5 20.dxe5 d4 21.Bc4 dxe3
22.Qxe3 Qe8 23.Rxd8+ Kxd8 24.Qxa7 Kc8 25.Na4 Nd7 26.e6  1-0

[Event "ESP-ch"]
[Site "Torrevieja"]
[Date "1997.09.30"]
[Round "2"]
[White "Ibanez Aullana, Jose Ramon"]
[Black "De la Riva Aguado, Oscar"]
[Result "0-1"]
[WhiteElo "2215"]
[BlackElo "2460"]

1.d4 g6 2.e4 Bg7 3.Nc3 c6 4.f4 d5 5.e5 h5 6.Bd3 Nh6 7.Nce2 Bf5 8.Nf3 e6 9.g3 Bg4
10.Nh4 Nf5 11.Bxf5 Bxf5 12.Nxf5 gxf5 13.Ng1 Bf8 14.c3 c5 15.Nf3 Nc6 16.Be3 cxd4
17.Nxd4 Be7 18.Nxc6 bxc6 19.Qa4 Qd7 20.O-O-O c5 21.Qxd7+ Kxd7 22.h4 Kc6 23.Bf2 f6
24.Rhe1 Rhe8 25.c4 dxc4 26.Rd2 fxe5 27.fxe5 Red8 28.Rc2 Kb5 29.Re3 Rd5 30.a4+ Kxa4
31.Rxc4+ Kb5 32.b3 Rad8 33.Re2 Bf8 34.Be1 Bg7 35.Bc3 Rd1+ 36.Kb2 Rg1 37.Re3 Bh6
38.Rf3 Rg2+ 39.Ka3  0-1

[Event "Bayer op"]
[Site "Leverkusen"]
[Date "1997.10.03"]
[Round "3"]
[White "Grund, Holger"]
[Black "Hoffmann, Klaus Peter"]
[Result "1-0"]
[WhiteElo "2325"]
[BlackElo "2185"]

1.e4 g6 2.d4 Bg7 3.Nc3 c6 4.Nf3 d5 5.e5 Bg4 6.h3 Bxf3 7.Qxf3 f6 8.exf6 Nxf6
9.Bg5 O-O 10.Qe3 Qd6 11.O-O-O b5 12.Bd3 a5 13.Rde1 Ra7 14.g4 a4 15.Bf4 Qb4
16.Ne2 Qa5 17.h4 Na6 18.Qe6+ Kh8 19.h5 Nb4 20.h6 Nxa2+ 21.Kd1 a3 22.hxg7+ Kxg7
23.Rxh7+  1-0

[Event "ESP-ch"]
[Site "Torrevieja"]
[Date "1997.10.04"]
[Round "7"]
[White "Granados Gomez, Manuel"]
[Black "Martinez Rodriguez, Pablo"]
[Result "0-1"]
[WhiteElo "2330"]
[BlackElo "2220"]

1.e4 g6 2.d4 Bg7 3.Nc3 c6 4.Bc4 d6 5.Qf3 e6 6.Nge2 b5 7.Bb3 a5 8.a3 Ba6 9.Be3 b4
10.Na4 Nd7 11.Nf4 Qe7 12.axb4 axb4 13.d5 exd5 14.exd5 Ne5 15.Qd1 c5 16.Nxc5 dxc5
17.Ba4+ Nd7 18.d6 Qe4 19.Qd5 Qxd5 20.Nxd5 Bxb2 21.Rb1 Bc3+ 22.Bd2 Bxd2+ 23.Kxd2 O-O-O
24.Kc1 Ndf6 25.d7+ Nxd7 26.Bxd7+ Kxd7 27.Rd1 Kc8 28.Nb6+ Kc7 29.Rxd8 Kxd8
30.Na4 Nf6 31.Nxc5 Bc8 32.Rxb4 Ke7 33.Nd3 Bf5 34.Kd2 Rd8 35.Rh4 g5 36.Ra4 Rd7
37.f3 h6 38.h4 g4 39.Rf4 gxf3 40.gxf3 Bg6 41.Ra4 Nd5 42.Rd4 Nc7 43.Ra4 Ne6
44.Rb4 Nc5  0-1